[Event "C.to Italiano di Categoria C"]
[Site "Civitanova Marche ITA"]
[Date "2012.07.16"]
[Round "1"]
[White "Benenati, Gianfranco"]
[Black "Piergentili, Roberto"]
[WhiteElo "1916"]
[BlackElo "1713"]
[Result "1-0"]
[PlyCount "99"]
[EventDate "2012.07.15"]

1. e4 c5 2. Nf3 d6 3. d4 cxd4 4. Nxd4 Nf6 5. Nc3 a6 6. Be2 e5 7. Nb3 Be7 8. Be3
O-O 9. O-O Be6 10. f4 exf4 11. Bxf4 Nbd7 12. Kh1 Ne5 13. Nd4 Bc4 14. Nf5 Bxe2
15. Qxe2 Re8 16. Rad1 Bf8 17. Bg5 Be7 18. Nxe7+ Rxe7 19. Bxf6 gxf6 20. Rxf6 Re6
21. Rxe6 fxe6 22. Qf2 Qe7 23. Qg3+ Kh8 24. Rf1 Ng6 25. Rd1 Rf8 26. Ne2 e5 27.
Qd3 Rf6 28. Ng3 Nf4 29. Qd2 Rg6 30. Nf5 Qg5 31. Rg1 Nh3 32. Rd1 Nf4 33. g3 Qg4
34. Nh4 Rf6 35. Rf1 Nh5 36. Rxf6 Nxf6 37. Qxd6 Qxe4+ 38. Ng2 Kg7 39. Qd3 Qc6
40. Qd2 Ne4 41. Qe2 Nf6 42. c3 Qd5 43. b3 b5 44. h3 Ne4 45. Qe3 Nc5 46. Kh2 Qd6
47. Nh4 Kh8 48. Nf5 Qc7 49. Nh6 Qd7 50. Qxe5+ 1-0

[Event "C.to Italiano di Categoria C"]
[Site "Civitanova Marche ITA"]
[Date "2012.07.16"]
[Round "1"]
[White "Bruglia Prazio, Orlando"]
[Black "Spano' Cuomo, Gaetano"]
[WhiteElo "1933"]
[BlackElo "1781"]
[Result "0-1"]
[PlyCount "90"]
[EventDate "2012.07.15"]

1. d4 Nf6 2. Bf4 d5 3. e3 e6 4. Nd2 Bd6 5. Bg3 O-O 6. Bd3 Nbd7 7. Ngf3 Re8 8.
Ne5 Nf8 9. O-O c6 10. c3 Qc7 11. Qf3 Ng6 12. Nxg6 hxg6 13. e4 dxe4 14. Nxe4
Nxe4 15. Bxe4 e5 16. dxe5 Bxe5 17. Rae1 Bxg3 18. fxg3 Be6 19. b3 Re7 20. Re2
Rd8 21. Rfe1 Qb6+ 22. Kh1 Qa6 23. h4 f5 24. Bxf5 Bd5 25. Be4 Rxe4 26. Rxe4 Bxe4
27. Qxe4 Qxa2 28. Qxg6 Qxb3 29. Re7 Qxc3 30. h5 Qc1+ 31. Kh2 Qh6 32. Rxb7 Qxg6
33. hxg6 Ra8 34. Rc7 a5 35. Rxc6 a4 36. Rc2 Kf8 37. Kg1 Ke7 38. Kf2 Kf6 39. Ke2
Kxg6 40. Kd2 a3 41. Ra2 Kg5 42. Ke3 Kg4 43. Ke4 Kxg3 44. Kf5 Ra6 45. Ke5 g6 0-1

[Event "C.to Italiano di Categoria C"]
[Site "Civitanova Marche ITA"]
[Date "2012.07.16"]
[Round "1"]
[White "Capossela, Fabio"]
[Black "Medorini, Massimiliano"]
[WhiteElo "1693"]
[BlackElo "1884"]
[Result "0-1"]
[PlyCount "48"]
[EventDate "2012.07.15"]

1. c4 c6 2. Nc3 d5 3. d4 dxc4 4. e4 b5 5. a3 Nf6 6. Be2 e6 7. Bf3 a6 8. Nge2
Bb7 9. Bg5 Be7 10. e5 Nd5 11. Bxe7 Qxe7 12. Ne4 O-O 13. Nc5 Ra7 14. O-O Nd7 15.
Nxd7 Qxd7 16. Ng3 Nf4 17. Ne4 c5 18. Nxc5 Bxf3 19. gxf3 Qe7 20. Kh1 Qh4 21. Qd2
f6 22. Rae1 fxe5 23. Rxe5 Qh3 24. Rg1 Qxf3+ 0-1

[Event "C.to Italiano di Categoria C"]
[Site "Civitanova Marche ITA"]
[Date "2012.07.16"]
[Round "1"]
[White "Cautiero, Pietro"]
[Black "Faini, Marco"]
[WhiteElo "1701"]
[BlackElo "1908"]
[Result "0-1"]
[PlyCount "96"]
[EventDate "2012.07.15"]

1. Nf3 c5 2. g3 Nf6 3. Bg2 d6 4. O-O e6 5. d3 Nc6 6. e4 Be7 7. Re1 O-O 8. c3
Rb8 9. a4 a6 10. d4 Qc7 11. Na3 b5 12. d5 Na7 13. axb5 axb5 14. b4 e5 15. h3
Bd7 16. Bg5 Nc8 17. Qe2 c4 18. Nc2 Nb6 19. Ne3 Na4 20. Qc2 g6 21. Bh6 Rfc8 22.
Nh2 Ne8 23. Nhg4 f6 24. f4 Ng7 25. Bxg7 Kxg7 26. f5 g5 27. Rac1 Ra8 28. Qe2 Be8
29. h4 h6 30. Bf3 h5 31. Nh2 g4 32. Bg2 Bf7 33. Kh1 Ra6 34. Qd2 Qd8 35. Nhf1
Rca8 36. Rc2 R8a7 37. Nd1 Kh7 38. Nde3 Bf8 39. Qe2 Bh6 40. Rd1 Qa8 41. Rb1 Nb6
42. Kh2 Ra1 43. Rbc1 R7a2 44. Rxa2 Qxa2 45. Rc2 Qa3 46. Nd1 Na4 47. Bh1 Qb3 48.
Bg2 Qb1 0-1

[Event "C.to Italiano di Categoria C"]
[Site "Civitanova Marche ITA"]
[Date "2012.07.16"]
[Round "1"]
[White "De Fazio, Giovanni"]
[Black "Aprile, Martino"]
[WhiteElo "1756"]
[BlackElo "1925"]
[Result "0-1"]
[PlyCount "108"]
[EventDate "2012.07.15"]

1. e4 b6 2. d4 e6 3. Nc3 c5 4. Nf3 Bb7 5. d5 a6 6. Bf4 h6 7. h3 Nf6 8. dxe6
dxe6 9. Qxd8+ Kxd8 10. e5 Nfd7 11. O-O-O Ke8 12. Bd3 g5 13. Bh2 Bg7 14. Ne4 Ke7
15. Rhe1 Rd8 16. a3 Ra7 17. Re2 Bd5 18. c4 Ba8 19. Nd6 Bxf3 20. gxf3 Bxe5 21.
Rxe5 Nxe5 22. Bxe5 Rxd6 23. Bxd6+ Kxd6 24. Kc2 Nc6 25. Kc3 Ke7 26. h4 Ne5 27.
hxg5 Nxd3 28. gxh6 Ne5 29. f4 Ng6 30. f5 exf5 31. Rd5 Ra8 32. Rxf5 Rh8 33. Rh5
Ke6 34. b4 cxb4+ 35. axb4 f5 36. Rh3 Rh7 37. c5 bxc5 38. bxc5 Ne5 39. Kb4 Nc6+
40. Kc4 Ne5+ 41. Kb4 Ng4 42. Ra3 Rxh6 43. Rxa6+ Kd5 44. Rxh6 Nxh6 45. f3 Nf7
46. Kc3 Kxc5 47. Kd3 Kd5 48. Ke3 Ke5 49. f4+ Kd5 50. Kd3 Nd6 51. Ke3 Kc4 52.
Ke2 Kd4 53. Kf3 Kd3 54. Kf2 Ke4 0-1

[Event "C.to Italiano di Categoria C"]
[Site "Civitanova Marche ITA"]
[Date "2012.07.16"]
[Round "1"]
[White "Di Mantino, Mauro"]
[Black "Marani, Luca"]
[WhiteElo "1962"]
[BlackElo "1816"]
[Result "1/2-1/2"]
[PlyCount "94"]
[EventDate "2012.07.15"]

1. b3 e5 2. Bb2 e4 3. c4 c6 4. Nc3 d5 5. Rc1 Nf6 6. Qc2 Bf5 7. e3 Bd6 8. cxd5
cxd5 9. Nb5 O-O 10. Ne2 Nc6 11. Nxd6 Qxd6 12. Nd4 Nxd4 13. Bxd4 Rfc8 14. Qb2
Rxc1+ 15. Qxc1 Rc8 16. Qb2 Qc6 17. Bc3 Bg4 18. h3 Bh5 19. g4 Bg6 20. Be2 Ne8
21. h4 h6 22. Rg1 f6 23. g5 hxg5 24. hxg5 f5 25. a4 a6 26. a5 Qc7 27. f4 Nd6
28. Be5 Qc1+ 29. Qxc1 Rxc1+ 30. Kf2 Rxg1 31. Kxg1 Nb5 32. Kf1 Be8 33. Ke1 g6
34. Kd1 Kf7 35. Kc2 Ke6 36. Kb2 Bc6 37. b4 Kd7 38. d3 Ke6 39. Kb3 Nd6 40. Bxd6
Kxd6 41. Kc3 Bb5 42. Kd2 Bxd3 43. Bxd3 exd3 44. Kxd3 Kc6 45. Kd4 Kd6 46. Kd3
Kc6 47. Kd4 Kd6 1/2-1/2

[Event "C.to Italiano di Categoria C"]
[Site "Civitanova Marche ITA"]
[Date "2012.07.16"]
[Round "1"]
[White "Falchi, Claudio"]
[Black "Fragni, Enrico"]
[WhiteElo "1849"]
[BlackElo "1636"]
[Result "0-1"]
[PlyCount "126"]
[EventDate "2012.07.15"]

1. e4 d6 2. d4 Nd7 3. c4 e5 4. d5 Ngf6 5. Nc3 Be7 6. Bd3 Nc5 7. Nge2 Bd7 8. O-O
O-O 9. f4 c6 10. fxe5 dxe5 11. Ng3 g6 12. Be3 Ng4 13. Qe2 Nxe3 14. Qxe3 Qb6 15.
Be2 Kg7 16. b3 Na4 17. Qxb6 Nxb6 18. Bd3 a5 19. a4 Rad8 20. Rad1 Bb4 21. Na2
Bc5+ 22. Kh1 h5 23. Nc3 Nc8 24. Rde1 Bb4 25. Rc1 Ne7 26. Nge2 Bg4 27. h3 Bc8
28. Rf3 Rd6 29. Rcf1 Bd7 30. Kh2 Ng8 31. Nd1 Rf6 32. Ng1 Rxf3 33. Nxf3 Bd6 34.
Ne3 f6 35. Kh1 Bc5 36. Nd1 Nh6 37. Be2 Rh8 38. Nb2 g5 39. Nd3 Be3 40. Nfxe5
fxe5 41. Nxe5 Be8 42. Nd3 cxd5 43. cxd5 Bg6 44. e5 Nf5 45. Rf3 Bb6 46. Nc1 Rc8
47. Bc4 h4 48. Na2 Re8 49. e6 Bc5 50. Nc3 Nd6 51. Nb5 Nxb5 52. Bxb5 Re7 53. Rc3
Bd6 54. Bc4 Rc7 55. Re3 Kf8 56. Rf3+ Ke7 57. Kg1 Rc8 58. Rc3 Rf8 59. Bb5 Be4
60. Bc4 Bc5+ 61. Kh2 Rf2 62. Bf1 b6 63. Kg1 Rc2+ 0-1

[Event "C.to Italiano di Categoria C"]
[Site "Civitanova Marche ITA"]
[Date "2012.07.16"]
[Round "1"]
[White "Jones, Alessandro"]
[Black "Della Sala, Bruno"]
[WhiteElo "1966"]
[BlackElo "1826"]
[Result "0-1"]
[PlyCount "47"]
[EventDate "2012.07.15"]

1. d4 Nf6 2. Nf3 c5 3. e3 g6 4. c3 Bg7 5. dxc5 Qc7 6. b4 a5 7. Bb2 Nc6 8. Qb3
O-O 9. Nbd2 d5 10. Bb5 Bd7 11. O-O e5 12. a3 e4 13. Ne1 Nd4 14. exd4 Bxb5 15.
c4 dxc4 16. Nxc4 Ng4 17. g3 e3 18. Nxe3 Bxf1 19. Kxf1 Nxe3+ 20. Qxe3 Rfe8 21.
Qd2 axb4 22. axb4 Rxa1 23. Bxa1 Qc6 24. Ng2 0-1

[Event "C.to Italiano di Categoria C"]
[Site "Civitanova Marche ITA"]
[Date "2012.07.16"]
[Round "1"]
[White "Marconi, Luca"]
[Black "Battistelli, Alessandro"]
[WhiteElo "1820"]
[BlackElo "1963"]
[Result "0-1"]
[PlyCount "90"]
[EventDate "2012.07.15"]

1. d4 Nf6 2. c4 e6 3. Nf3 b6 4. g3 Ba6 5. b3 Bb4+ 6. Bd2 Be7 7. Bg2 Bb7 8. Nc3
d6 9. O-O O-O 10. Qc2 Nbd7 11. Rfe1 c5 12. e4 cxd4 13. Nxd4 Qc8 14. h3 Ne5 15.
f4 Nc6 16. Nce2 Rd8 17. Nxc6 Bxc6 18. Nd4 Bb7 19. Rad1 Bf8 20. g4 Qd7 21. Be3
Rac8 22. e5 Ne8 23. Be4 Bxe4 24. Qxe4 d5 25. Qf3 Bc5 26. Nc2 Nc7 27. f5 Qe8 28.
b4 Bf8 29. Bg5 Rd7 30. Rd4 Na6 31. Qb3 dxc4 32. Rxc4 Rdc7 33. Rxc7 Rxc7 34.
fxe6 Qxe6 35. Qa4 Qg6 36. Qxa6 Rxc2 37. Qa4 Qd3 38. Qb3 Qxb3 39. axb3 Bxb4 40.
Re4 Bc5+ 41. Kf1 Rb2 42. Be3 Rxb3 43. Bxc5 bxc5 44. h4 Kf8 45. Ke2 Rb4 0-1

[Event "C.to Italiano di Categoria C"]
[Site "Civitanova Marche ITA"]
[Date "2012.07.16"]
[Round "1"]
[White "Mastroddi, Giuseppe"]
[Black "Serafini, Gino"]
[WhiteElo "1684"]
[BlackElo "1849"]
[Result "0-1"]
[PlyCount "106"]
[EventDate "2012.07.15"]

1. d4 d5 2. Nf3 Nf6 3. e3 Bf5 4. Bd3 e6 5. Bxf5 exf5 6. O-O Bd6 7. b3 O-O 8.
Bb2 Nbd7 9. Nbd2 Qe7 10. c4 c6 11. Rc1 Ne4 12. cxd5 cxd5 13. Qe2 Rac8 14. Nb1
Ndf6 15. h3 Rfe8 16. Rc2 f4 17. Rxc8 Rxc8 18. Rc1 Rxc1+ 19. Bxc1 Qc7 20. Bb2
fxe3 21. fxe3 Bg3 22. Ne5 Bf2+ 23. Kh2 a6 24. g4 Nd7 25. Nc3 Nxc3 26. Bxc3 f6
27. Qxf2 fxe5 28. Be1 exd4+ 29. Qg3 Qxg3+ 30. Kxg3 d3 31. Kf4 Kf7 32. e4 d4 33.
e5 Ke6 34. Ke4 Nxe5 35. Bb4 b6 36. Be1 g6 37. Bf2 h5 38. gxh5 gxh5 39. Be1 a5
40. Bd2 Nc6 41. Kxd3 Kd5 42. a3 b5 43. Bh6 Ne5+ 44. Ke2 Ke4 45. a4 bxa4 46.
bxa4 Nc4 47. h4 d3+ 48. Ke1 Kd5 49. Bg5 Ke4 50. Bd8 Kf3 51. Bf6 d2+ 52. Kd1 Ke3
53. Bg5+ Kd3 0-1

[Event "C.to Italiano di Categoria C"]
[Site "Civitanova Marche ITA"]
[Date "2012.07.16"]
[Round "1"]
[White "Mombelli, Antonio"]
[Black "Gorgoglione, Enrico"]
[WhiteElo "1808"]
[BlackElo "1956"]
[Result "0-1"]
[PlyCount "94"]
[EventDate "2012.07.15"]

1. e4 c5 2. c3 Nf6 3. e5 Nd5 4. Nf3 e6 5. Bc4 Nb6 6. Bb3 c4 7. Bc2 Nc6 8. Qe2
d5 9. exd6 Bxd6 10. Na3 Bxa3 11. bxa3 Qd6 12. O-O Bd7 13. Rd1 Rc8 14. d4 Ne7
15. Ne5 Nbd5 16. Bd2 Ng6 17. Nxd7 Kxd7 18. Rdb1 b6 19. g3 Qxa3 20. Qf3 Ke7 21.
h4 Kf8 22. Re1 Qd6 23. a4 f6 24. Bc1 Kf7 25. Ba3 Qd7 26. Be4 Nge7 27. Rad1 g6
28. h5 Rhe8 29. hxg6+ hxg6 30. Bc2 Rh8 31. Kg2 Qc6 32. Be4 Nf5 33. Bxd5 Qxd5
34. Qxd5 exd5 35. g4 Nh4+ 36. Kg3 Rc7 37. Re2 g5 38. Rde1 Ng6 39. Re3 Nf4 40.
Re7+ Kg6 41. f3 Rh3+ 42. Kf2 Nd3+ 43. Kg2 Nxe1+ 44. Kxh3 Rxe7 45. Bxe7 Nxf3 46.
Kg3 Nd2 47. Ba3 Ne4+ 0-1

[Event "C.to Italiano di Categoria C"]
[Site "Civitanova Marche ITA"]
[Date "2012.07.16"]
[Round "1"]
[White "Nassetti, Francesco"]
[Black "Gobbo, Francesco"]
[WhiteElo "1843"]
[BlackElo "1982"]
[Result "0-1"]
[PlyCount "74"]
[EventDate "2012.07.15"]

1. Nf3 Nf6 2. g3 d5 3. Bg2 c5 4. c4 e6 5. O-O Be7 6. b3 O-O 7. Bb2 Nc6 8. Na3
d4 9. d3 e5 10. e4 Bg4 11. Nc2 Ne8 12. h3 Be6 13. Qe2 Qd7 14. Kh2 Nd6 15. b4
cxb4 16. a3 bxa3 17. Bxa3 f6 18. Bxd6 Bxd6 19. g4 a5 20. Nh4 g6 21. Bf3 Rfb8
22. Rg1 b5 23. cxb5 Rxb5 24. Na3 Rb3 25. Nb1 Rab8 26. Nf5 Rb2 27. Qf1 Bf8 28.
g5 Bxf5 29. exf5 Qxf5 30. Qg2 Qf4+ 31. Kh1 Nb4 32. gxf6 Qxf6 33. Na3 Nxd3 34.
Raf1 e4 35. Bh5 Nxf2+ 36. Rxf2 Rxf2 37. Qxe4 Bd6 0-1

[Event "C.to Italiano di Categoria C"]
[Site "Civitanova Marche ITA"]
[Date "2012.07.16"]
[Round "1"]
[White "Quattrini, Massimo"]
[Black "Piana, Ricardo"]
[WhiteElo "1944"]
[BlackElo "1808"]
[Result "0-1"]
[PlyCount "62"]
[EventDate "2012.07.15"]

1. e4 c5 2. c3 d5 3. exd5 Qxd5 4. d4 Nc6 5. Nf3 cxd4 6. cxd4 e6 7. Nc3 Qd8 8.
Bb5 Nf6 9. O-O Be7 10. Bxc6+ bxc6 11. Ne5 Bb7 12. Bf4 O-O 13. Na4 Nd5 14. Bg3
f6 15. Nd3 Ba6 16. Re1 Bxd3 17. Qxd3 Qa5 18. b3 f5 19. f3 f4 20. Bf2 Rf6 21.
Rac1 Nb4 22. Qd2 Qg5 23. Re5 Qh6 24. Nc5 Nd5 25. Nd7 Rg6 26. Rxc6 Rd8 27. Nc5
Bd6 28. Re2 Ne3 29. Be1 Qh5 30. Nb7 Qxf3 31. Rf2 Rxg2+ 0-1

[Event "C.to Italiano di Categoria C"]
[Site "Civitanova Marche ITA"]
[Date "2012.07.16"]
[Round "1"]
[White "Renzetti, Leonardo"]
[Black "Rubini, Alessandro"]
[WhiteElo "1743"]
[BlackElo "1917"]
[Result "0-1"]
[PlyCount "126"]
[EventDate "2012.07.15"]

1. d4 Nf6 2. c4 c5 3. d5 e6 4. Nc3 exd5 5. cxd5 d6 6. e4 g6 7. Nf3 Bg7 8. g3
O-O 9. Bg2 b5 10. Nxb5 Qa5+ 11. Nc3 Nxe4 12. O-O Nxc3 13. bxc3 Bxc3 14. Rb1 Ba6
15. Re1 Bxe1 16. Nxe1 Qxa2 17. Bh6 Re8 18. Qc1 Qe2 19. f4 Qe3+ 20. Qxe3 Rxe3
21. f5 Re5 22. fxg6 hxg6 23. Bf4 Nd7 24. Nf3 f6 25. Bh3 Nb6 26. Nxe5 fxe5 27.
Be6+ Kf8 28. Bh6+ Ke7 29. Bg5+ Ke8 30. Rb2 Bc8 31. Rf2 Bxe6 32. dxe6 a5 33. Rf7
a4 34. Rg7 Kf8 35. Bf6 Nd5 36. Rf7+ Kg8 37. Rg7+ Kf8 38. Rf7+ Ke8 39. Rh7 Nxf6
40. Rh8+ Ke7 41. Rxa8 Kxe6 42. Rxa4 d5 43. Ra6+ Kf5 44. h3 Ne4 45. Kg2 c4 46.
Kf3 Ng5+ 47. Ke2 Nxh3 48. Rd6 d4 49. Rc6 c3 50. Kd3 Nf2+ 51. Kc2 g5 52. Rc8 Ke4
53. Re8 g4 54. Re7 Nh1 55. Rg7 Kf3 56. Rf7+ Ke3 57. Rg7 Nf2 58. Rg5 e4 59. Rd5
Nh1 60. Rg5 Nxg3 61. Rxg4 Ne2 62. Rh4 d3+ 63. Kd1 c2+ 0-1

[Event "C.to Italiano di Categoria C"]
[Site "Civitanova Marche ITA"]
[Date "2012.07.16"]
[Round "1"]
[White "Ricci, Alessio"]
[Black "Maddaloni, Giovanni"]
[WhiteElo "1918"]
[BlackElo "1755"]
[Result "1-0"]
[PlyCount "57"]
[EventDate "2012.07.15"]

1. d4 Nf6 2. Nf3 g6 3. Nbd2 d5 4. e3 Bg7 5. b3 O-O 6. Bd3 a5 7. a3 Nc6 8. Bb2
Ng4 9. h3 e5 10. hxg4 e4 11. Nxe4 dxe4 12. Bxe4 Bxg4 13. Qd3 Qe7 14. O-O-O Rfd8
15. Rde1 Ra6 16. Nd2 Be6 17. Qc3 Bd5 18. Bd3 Raa8 19. Rh2 h5 20. Reh1 f5 21.
Bc4 Kf8 22. Nf3 Qf6 23. Ne5 f4 24. Bxd5 Rxd5 25. e4 Nxd4 26. exd5 Ne2+ 27. Kd2
Nxc3 28. Nd7+ Kf7 29. Nxf6 1-0

[Event "C.to Italiano di Categoria C"]
[Site "Civitanova Marche ITA"]
[Date "2012.07.16"]
[Round "1"]
[White "Santeramo, Alessia Carmen"]
[Black "Occhipinti, Giuseppe"]
[WhiteElo "1834"]
[BlackElo "1971"]
[Result "0-1"]
[PlyCount "60"]
[EventDate "2012.07.15"]

1. e4 e5 2. Nc3 Bc5 3. Nf3 Nc6 4. Nxe5 Bxf2+ 5. Kxf2 Nxe5 6. d4 Qf6+ 7. Kg1 Ng6
8. Be3 d6 9. Qd2 h6 10. Bc4 Be6 11. Bb3 Qe7 12. Nd5 Bxd5 13. Bxd5 c6 14. Bb3
Nf6 15. e5 dxe5 16. dxe5 Nxe5 17. Qc3 O-O-O 18. Bxa7 Ne4 19. Qh3+ Kc7 20. Qe3
f5 21. Bb6+ Kc8 22. Bxd8 Rxd8 23. Re1 Ng4 24. Qa7 Qd6 25. Qa8+ Kc7 26. Qa5+ Kb8
27. c3 Qd2 28. Qxd8+ Qxd8 29. g3 Qd2 30. Rf1 Ne3 0-1

[Event "C.to Italiano di Categoria C"]
[Site "Civitanova Marche ITA"]
[Date "2012.07.16"]
[Round "1"]
[White "Tortolini, Francesco"]
[Black "Mircoli, Filippo"]
[WhiteElo "1895"]
[BlackElo "1688"]
[Result "1-0"]
[PlyCount "79"]
[EventDate "2012.07.15"]

1. e4 c5 2. Nf3 e6 3. d4 cxd4 4. Nxd4 a6 5. Nc3 Bb4 6. a3 Bxc3+ 7. bxc3 Nf6 8.
Bd3 Qc7 9. Bd2 Nc6 10. O-O O-O 11. f4 d6 12. Qf3 e5 13. Nxc6 Qxc6 14. fxe5 dxe5
15. Bg5 Ne8 16. Be7 Be6 17. Bxf8 Kxf8 18. Qh5 Qc5+ 19. Kh1 Kg8 20. Rab1 Nd6 21.
c4 f6 22. a4 Bxc4 23. Bxc4+ Qxc4 24. Qd1 Nxe4 25. Rxb7 Rc8 26. Rd7 h6 27. Rd8+
Rxd8 28. Qxd8+ Kh7 29. Qd3 Qxa4 30. g4 Qc6 31. Kg1 Kh8 32. Qd8+ Kh7 33. Qd3 Kh8
34. c4 Ng5 35. h4 Ne6 36. Rb1 Qc5+ 37. Kf1 Qa7 38. h5 Nf4 39. Qd8+ Kh7 40. Rb8
1-0

[Event "C.to Italiano di Categoria C"]
[Site "Civitanova Marche ITA"]
[Date "2012.07.16"]
[Round "1"]
[White "Vilona, Leonardo"]
[Black "Fasiello, Andrea"]
[WhiteElo "1806"]
[BlackElo "1939"]
[Result "0-1"]
[PlyCount "48"]
[EventDate "2012.07.15"]

1. d4 d5 2. c4 e6 3. Nf3 Nf6 4. Nc3 Be7 5. Bf4 O-O 6. e3 b6 7. Bd3 Bb7 8. O-O
Nbd7 9. cxd5 exd5 10. Nb5 c6 11. Nd6 Bxd6 12. Bxd6 Re8 13. Rc1 Nf8 14. Bxf8
Rxf8 15. Ne5 Qd6 16. f4 c5 17. a3 cxd4 18. exd4 Ne4 19. Bb5 Rac8 20. Qa4 a6 21.
Bd7 Rxc1 22. Rxc1 f6 23. Bc6 fxe5 24. Bxb7 exf4 0-1

[Event "C.to Italiano di Categoria C"]
[Site "Civitanova Marche ITA"]
[Date "2012.07.16"]
[Round "2"]
[White "Aprile, Martino"]
[Black "Della Sala, Bruno"]
[WhiteElo "1925"]
[BlackElo "1826"]
[Result "1/2-1/2"]
[PlyCount "105"]
[EventDate "2012.07.15"]

1. Nf3 Nf6 2. g3 g6 3. Bg2 Bg7 4. O-O O-O 5. d3 d5 6. c3 c5 7. Nbd2 Nc6 8. Qc2
e5 9. e4 d4 10. Nc4 Qe7 11. a4 b6 12. Rb1 Ba6 13. cxd4 cxd4 14. b3 Bxc4 15.
bxc4 Nd7 16. Qa2 Nc5 17. Ba3 Qc7 18. Qc2 Rfe8 19. Nh4 Bh6 20. Bh3 Bg5 21. Ng2
f6 22. f4 Bh6 23. f5 g5 24. Bg4 Bf8 25. Kf2 Nxe4+ 26. dxe4 Bxa3 27. h4 Qg7 28.
hxg5 Qxg5 29. Be2 Bc5 30. Bd3 Nb4 31. Qe2 a5 32. Rh1 Re7 33. Rbd1 Rg7 34. Qf3
Qg4 35. Qxg4 Rxg4 36. Kf3 Rg7 37. Ne1 Rc8 38. Bf1 Kf7 39. Rh2 Rcg8 40. Rg2 Na2
41. Nd3 Nc3 42. Ra1 Rg4 43. Nf2 R4g5 44. Bd3 h5 45. Bc2 Bf8 46. Rh1 Ke8 47. g4
d3 48. Bxd3 Bc5 49. Rxh5 Bxf2 50. Rxg5 Rxg5 51. Rxf2 Nxa4 52. Rh2 Rg7 53. Rh8+
1/2-1/2

[Event "C.to Italiano di Categoria C"]
[Site "Civitanova Marche ITA"]
[Date "2012.07.16"]
[Round "2"]
[White "Battistelli, Alessandro"]
[Black "Altini, Ruggiero"]
[WhiteElo "1963"]
[BlackElo "1873"]
[Result "1-0"]
[PlyCount "68"]
[EventDate "2012.07.15"]

1. d4 Nf6 2. c4 e6 3. Nc3 Bb4 4. Nf3 b6 5. Bd2 Bb7 6. a3 Be7 7. Qc2 d5 8. e3 c5
9. cxd5 exd5 10. Bb5+ Nbd7 11. O-O O-O 12. Bd3 Re8 13. Rfe1 Rc8 14. Qa4 c4 15.
Bf1 Bc6 16. Qc2 Bd6 17. g3 b5 18. Bg2 a5 19. Ne2 b4 20. axb4 axb4 21. Nf4 Ne4
22. Rec1 Ndf6 23. Be1 Bb5 24. Nd2 b3 25. Qb1 Ra8 26. Nxe4 dxe4 27. Ne2 Qe7 28.
Nc3 Bc6 29. Bf1 Qe6 30. Ne2 Bb5 31. Nc3 Bc6 32. Rd1 Rxa1 33. Qxa1 Rc8 34. Qa6
34... Bb4 $138 1-0

[Event "C.to Italiano di Categoria C"]
[Site "Civitanova Marche ITA"]
[Date "2012.07.16"]
[Round "2"]
[White "Bruglia Prazio, Orlando"]
[Black "Vilona, Leonardo"]
[WhiteElo "1933"]
[BlackElo "1806"]
[Result "1/2-1/2"]
[PlyCount "98"]
[EventDate "2012.07.15"]

1. d4 Nf6 2. Bf4 d5 3. e3 e6 4. Nd2 c5 5. c3 Nc6 6. Bd3 Be7 7. h3 Bd7 8. Ngf3
c4 9. Bc2 Nh5 10. Bh2 f5 11. Ne5 Nxe5 12. dxe5 g6 13. Nf3 O-O 14. Nd4 Ng7 15.
Bf4 Bc5 16. h4 Bxd4 17. exd4 Rf7 18. Qd2 h5 19. Rh3 b5 20. Bg5 Qf8 21. Rg3 Kh7
22. Bh6 Qe7 23. Bg5 Qf8 24. Bf6 Ne8 25. Qg5 Qh6 26. Qxh6+ Kxh6 27. Bg5+ Kg7 28.
Kd2 Nc7 29. Ke3 Raf8 30. Kf4 a5 31. b3 Rb8 32. Rb1 Kh7 33. Bd1 Bc6 34. Bf3 Rb7
35. Rh3 a4 36. bxa4 bxa4 37. Rxb7 Bxb7 38. Bd1 Bc6 39. Kf3 Na8 40. Bc1 Rb7 41.
Bc2 Nc7 42. Kf4 Bd7 43. Re3 Kg7 44. f3 Kh7 45. g4 Ne8 46. gxf5 gxf5 47. Re1 Bc6
48. Ba3 Ng7 49. Rg1 Be8 1/2-1/2

[Event "C.to Italiano di Categoria C"]
[Site "Civitanova Marche ITA"]
[Date "2012.07.16"]
[Round "2"]
[White "Catalano, Luigi"]
[Black "Mombelli, Antonio"]
[WhiteElo "1690"]
[BlackElo "1808"]
[Result "1/2-1/2"]
[PlyCount "81"]
[EventDate "2012.07.15"]

1. g3 d5 2. Bg2 Nf6 3. f4 c6 4. Nf3 e6 5. O-O Bc5+ 6. d4 Bb6 7. Nc3 Nbd7 8. Kh1
O-O 9. Ne5 a6 10. e3 c5 11. g4 Nxe5 12. fxe5 Nd7 13. Ne2 f6 14. Nf4 Qe8 15.
exf6 Nxf6 16. g5 Ne4 17. Bxe4 dxe4 18. c3 Bd7 19. Bd2 Bc6 20. Qb3 Rxf4 21. Rxf4
Bc7 22. Rf2 cxd4 23. Raf1 Bd6 24. Qd1 Qg6 25. Qg4 Bc5 26. cxd4 Bxd4 27. Bb4 h6
28. Kg2 Bxe3 29. Rf7 Qxf7 30. Rxf7 Kxf7 31. gxh6 Bxh6 32. Bc3 Bd5 33. a3 Rf8
34. Bb4 Rc8 35. Qh5+ Kg8 36. Bc3 Rf8 37. Qe2 e3+ 38. Kh3 Rf3+ 39. Kg4 Rf4+ 40.
Kg3 Rf3+ 41. Kg4 1/2-1/2

[Event "C.to Italiano di Categoria C"]
[Site "Civitanova Marche ITA"]
[Date "2012.07.16"]
[Round "2"]
[White "Cocconcelli, Lorenzo"]
[Black "Cautiero, Pietro"]
[WhiteElo "1994"]
[BlackElo "1701"]
[Result "1-0"]
[PlyCount "33"]
[EventDate "2012.07.15"]

1. d4 d5 2. c4 e6 3. Nc3 c5 4. cxd5 exd5 5. Nf3 Nc6 6. Bf4 Nf6 7. e3 c4 8. Be2
Bd6 9. Ne5 O-O 10. O-O Re8 11. Bg3 Bf5 12. f4 Qa5 13. a3 a6 14. Be1 Qd8 15. g4
Be4 16. g5 Bxe5 17. dxe5 1-0

[Event "C.to Italiano di Categoria C"]
[Site "Civitanova Marche ITA"]
[Date "2012.07.16"]
[Round "2"]
[White "Danese, Aldo"]
[Black "Jones, Alessandro"]
[WhiteElo "1864"]
[BlackElo "1966"]
[Result "1/2-1/2"]
[PlyCount "45"]
[EventDate "2012.07.15"]

1. Nf3 d5 2. d3 Nf6 3. g3 Nbd7 4. Bg2 e5 5. O-O Bd6 6. Nbd2 O-O 7. e4 dxe4 8.
dxe4 Re8 9. Qe2 c6 10. Nc4 Bf8 11. Bg5 Qc7 12. Rad1 b5 13. Ncd2 Bb7 14. Nh4 a5
15. b3 a4 16. Ra1 c5 17. c4 b4 18. Rfd1 Ra5 19. Nf5 Rea8 20. Rab1 axb3 21. axb3
Ra2 22. Qd3 R8a6 23. Ne3 1/2-1/2

[Event "C.to Italiano di Categoria C"]
[Site "Civitanova Marche ITA"]
[Date "2012.07.16"]
[Round "2"]
[White "Faini, Marco"]
[Black "Antonelli, Alessandro"]
[WhiteElo "1908"]
[BlackElo "1973"]
[Result "1-0"]
[PlyCount "63"]
[EventDate "2012.07.15"]

1. c4 c5 2. g3 g6 3. Bg2 Bg7 4. Nc3 Nc6 5. e4 Nf6 6. d3 O-O 7. Nge2 d6 8. h3
Bd7 9. Rb1 Ne8 10. a3 a5 11. O-O Nc7 12. Nd5 Ne6 13. Be3 Ned4 14. Bxd4 Nxd4 15.
Nxd4 cxd4 16. h4 e6 17. Nf4 a4 18. Ne2 Bc6 19. f4 f5 20. Qd2 Qd7 21. exf5 gxf5
22. b4 axb3 23. Rxb3 Ra7 24. Rfb1 Rfa8 25. Bxc6 bxc6 26. Rb8+ Rxb8 27. Rxb8+
Kf7 28. Qb2 e5 29. fxe5 dxe5 30. Qb4 Bf8 31. Qxf8+ Ke6 32. Qg8+ 1-0

[Event "C.to Italiano di Categoria C"]
[Site "Civitanova Marche ITA"]
[Date "2012.07.16"]
[Round "2"]
[White "Falchi, Claudio"]
[Black "De Fazio, Giovanni"]
[WhiteElo "1849"]
[BlackElo "1756"]
[Result "1/2-1/2"]
[PlyCount "115"]
[EventDate "2012.07.15"]

1. d4 d5 2. Nf3 g6 3. e3 Bg7 4. Bd3 Nf6 5. O-O O-O 6. Nbd2 Bg4 7. h3 Bc8 8. Qe2
Nbd7 9. Re1 c5 10. c3 c4 11. Bc2 b5 12. e4 dxe4 13. Nxe4 Bb7 14. Bg5 Re8 15. a4
a6 16. Bxf6 exf6 17. Qd1 Qc7 18. Ned2 Nb6 19. axb5 axb5 20. Ne4 Qf4 21. Rxa8
Rxa8 22. Ned2 Nd5 23. Re4 Qd6 24. Qe1 Qd7 25. Re2 h6 26. Ne4 Nf4 27. Rd2 Re8
28. Qb1 Bd5 29. Rd1 Qc6 30. Re1 f5 31. Ned2 Rxe1+ 32. Qxe1 Bxf3 33. Nxf3 Nxh3+
34. gxh3 Qxf3 35. Qe8+ Kh7 36. Qxf7 Qxh3 37. d5 Qg4+ 38. Kf1 f4 39. Be4 h5 40.
d6 Qd1+ 41. Kg2 Qxd6 42. Kf3 Kh6 43. Qxf4+ Qxf4+ 44. Kxf4 b4 45. cxb4 Bxb2 46.
b5 Bd4 47. Kg3 Kg5 48. f4+ Kf6 49. Kh4 Bb6 50. Bc2 Be3 51. Kg3 Bb6 52. Be4 Bc7
53. Kf3 h4 54. Kg4 h3 55. b6 Bxb6 56. Kxh3 Bc7 57. Kg4 Kg7 58. f5 1/2-1/2